[Event "MEX-ch op 52nd "]
[Site "Mexico City"]
[Date "2006.04.15"]
[Round "8"]
[White "Contreras Medina, Ruben Dario"]
[Black "Villarreal, Jose Felix"]
[Result "0-1"]
[WhiteElo "2167"]
[BlackElo "2362"]
[PlyCount "49"]
[EventDate "2006.04.11"]
[EventType "swiss"]
[EventRounds "9"]
[EventCountry "MEX"]
[SourceTitle "EXT 2007"]
[Source "ChessBase"]
[SourceDate "2006.11.23"]
[SourceVersion "1"]
[SourceVersionDate "2006.11.23"]
[SourceQuality "1"]

1. d4 d5 2. Nf3 Nf6 3. c4 dxc4 4. Qa4+ Nbd7 5. Nc3 c6 6. Qxc4 Qa5 7. g3 Nb6 8. Qb3 Be6 9. Qc2 Bf5 10. Qb3 e6 11. Bg2 Qb4 12. Qxb4 Bxb4 13. Nd2 0-0-0 14. e3 Bd3 15. Bf1 Bxf1 16. Kxf1 Rhe8 17. Kg2 Bxc3 18. bxc3 Na4 19. c4 e5 20. Nf3 exd4 21. exd4 Re2 22. Bg5 Nb2 23. Bxf6 gxf6 24. c5 Nd3 25. Rhf1 0-1

[Event "MEX-ch op 52nd "]
[Site "Mexico City"]
[Date "2006.04.14"]
[Round "6"]
[White "Contreras Medina, Ruben Dario"]
[Black "Palma Almendra, Jose Amado"]
[Result "1/2-1/2"]
[WhiteElo "2167"]
[BlackElo "2231"]
[PlyCount "71"]
[EventDate "2006.04.11"]
[EventType "swiss"]
[EventRounds "9"]
[EventCountry "MEX"]
[SourceTitle "EXT 2007"]
[Source "ChessBase"]
[SourceDate "2006.11.23"]
[SourceVersion "1"]
[SourceVersionDate "2006.11.23"]
[SourceQuality "1"]

1. d4 g6 2. c4 Bg7 3. Nc3 d6 4. e4 Nc6 5. Nf3 e5 6. d5 Nce7 7. Be2 f5 8. 0-0 Nf6 9. Nd2 0-0 10. b4 a5 11. Ba3 b6 12. bxa5 Rxa5 13. Bb4 Ra8 14. a4 Bh6 15. a5 c5 16. dxc6 Nxc6 17. Ba3 bxa5 18. Nb5 Nd4 19. Nxd4 exd4 20. exf5 Bxf5 21. Nb3 Ne4 22. Qxd4 Bg7 23. Qd5+ Kh8 24. Bf3 a4 25. Nd4 Ra5 26. Nb5 Nc3 27. Qd2 Nxb5 28. cxb5 Rxb5 29. Rad1 Be5 30. Bd5 Qf6 31. Bc4 Rbb8 32. f4 Bb2 33. Qxd6 Bxa3 34. Qxa3 Rb2 35. Qd6 Qg7 36. Rfe1 1/2-1/2

[Event "MEX-ch Nat & Int 48th"]
[Site "Hermosillo"]
[Date "2002.03.30"]
[Round "7"]
[White "Villegas Corona, Rafael"]
[Black "Contreras Medina, Ruben Dario"]
[Result "1-0"]
[WhiteElo "2064"]
[BlackElo "1995"]
[PlyCount "133"]
[EventDate "2002.03.26"]
[EventType "swiss"]
[EventRounds "9"]
[EventCountry "MEX"]
[SourceTitle "EXT 2003"]
[Source "ChessBase"]
[SourceDate "2002.11.25"]
[SourceVersion "1"]
[SourceVersionDate "2002.11.25"]
[SourceQuality "1"]

1. e4 c5 2. Nf3 Nc6 3. d4 cxd4 4. Nxd4 g6 5. Nc3 Bg7 6. Be3 Nf6 7. Bc4 0-0 8. Bb3 a5 9. a4 Nb4 10. Ndb5 d6 11. 0-0 b6 12. e5 dxe5 13. Qxd8 Rxd8 14. Bxb6 Rd7 15. Rfe1 Bb7 16. Nc7 Rc8 17. N7b5 Nc6 18. Rad1 Bf8 19. Nd5 Kg7 20. Nxf6 Rxd1 21. Nh5+ gxh5 22. Rxd1 Rb8 23. Rd3 f5 24. Rg3+ Kf6 25. Nc7 Nd4 26. Bxd4 exd4 27. Ne6 Bh6 28. Nxd4 Rd8 29. c3 Bc1 30. Ne2 Bxb2 31. Nf4 Bc1 32. Nxh5+ Ke5 33. Rg7 Rd7 34. Rxh7 Be4 35. Ng3 Bd3 36. h4 Rb7 37. Bd1 Bd2 38. Be2 Bc2 39. Bf3 Ra7 40. Ne2 Bxa4 41. h5 Bb3 42. Nd4 a4 43. Rg7 Kf6 44. Rg6+ Kf7 45. Nxb3 axb3 46. Bd5+ Ke8 47. Bxb3 Bxc3 48. Be6 Kd8 49. h6 f4 50. h7 Kc7 51. Rg8 Kd6 52. Bc8 Ra1+ 53. Kh2 Ra2 54. h8Q Bxh8 55. Rxh8 Rxf2 56. Rh6+ Kc7 57. Bg4 Rb2 58. Re6 Rb4 59. Rxe7+ Kd6 60. Re1 Rb8 61. Re4 Rf8 62. Kg1 Kd5 63. Re2 Kd4 64. Kf2 Kd3 65. Kf3 Rg8 66. Bf5+ Kd4 67. Kxf4 1-0